000 00244nam a2200121Ia 4500
100 _a#N/A
650 _aComputer/ IT
942 _cBK
654 _amacromedia
245 _aMACROMEDIA FLASH PROFESSIONAL 8
260 _b#N/A
546 _aENGLISH
999 _c33740
_d33740